| Tag |
First Indicator |
Second Indicator |
Subfields |
| LEADER |
00000cam a2200000 a 4500 |
| 001 |
in00001835421 |
| 005 |
20211202202112.0 |
| 006 |
m d f |
| 007 |
cr mn- |
| 008 |
040701s2004 dcua s f000 0 eng c |
| 035 |
|
|
|a (OCoLC)ocm55795050
|
| 037 |
|
|
|b GAO (202)512-6000 (voice); (202)512-6061 (Fax); (202)512-2537 (TDD)
|f paper copy
|
| 040 |
|
|
|a GPO
|c GPO
|d DLC
|d MvI
|d UtOrBLW
|
| 042 |
|
|
|a pcc
|
| 043 |
|
|
|a n-us---
|
| 049 |
|
|
|a WWW
|
| 074 |
|
|
|a 0546-D-01 (online)
|
| 086 |
0 |
|
|a GA 1.5/2:GAO-04-872 T
|
| 100 |
1 |
|
|a Walker, David M.
|q (David Michael),
|d 1951-
|
| 245 |
1 |
0 |
|a Social security :
|b reform proposals could have a variety of effects on distribution of benefits and payroll taxes : testimony before the Special Committee on Aging, U.S. Senate /
|c statement of David M. Walker.
|
| 264 |
|
1 |
|a [Washington, D.C.] :
|b U.S. General Accounting Office,
|c [2004]
|
| 336 |
|
|
|a text
|b txt
|2 rdacontent
|
| 337 |
|
|
|a computer
|b c
|2 rdamedia
|
| 338 |
|
|
|a online resource
|b cr
|2 rdacarrier
|
| 490 |
1 |
|
|a Testimony ;
|v GAO-04-872 T
|
| 538 |
|
|
|a Mode of access: Internet from GPO Access web site. Address as of 6/23/04: http://frwebgate.access.gpo.gov/cgi-bin/getdoc.cgi?dbname=gao&docid=f:d04872t.pdf; current access available via PURL.
|
| 500 |
|
|
|a Title from title screen (viewed on June 23, 2004).
|
| 500 |
|
|
|a "For release ... June 15, 2004."
|
| 500 |
|
|
|a Paper version available from: U.S. General Accounting Office, 441 G St., NW, Rm. LM, Washington, D.C. 20548.
|
| 504 |
|
|
|a Includes bibliographical references.
|
| 500 |
|
|
|a Electronic resource.
|
| 650 |
|
0 |
|a Social security
|x Evaluation.
|
| 650 |
|
0 |
|a Social security beneficiaries
|z United States.
|
| 650 |
|
0 |
|a Pensions
|z United States.
|
| 710 |
1 |
|
|a United States.
|b Congress.
|b Senate.
|b Special Committee on Aging.
|
| 710 |
1 |
|
|a United States.
|b General Accounting Office.
|
| 830 |
|
0 |
|a Testimony ;
|v GAO-04-872 T.
|
| 856 |
4 |
0 |
|u https://purl.fdlp.gov/GPO/LPS50487
|t 0
|
| 999 |
|
|
|a MARS
|
| 999 |
f |
f |
|s 7af8aeec-6394-3305-a57d-690a863dd534
|i 786dd4fb-23de-3b61-93b4-e9eb1cad8453
|t 0
|
| 952 |
f |
f |
|a Texas A&M University
|b College Station
|c Electronic Resources
|d Available Online
|t 0
|e GA 1.5/2:GAO-04-872 T
|h Superintendent of Documents classification
|
| 998 |
f |
f |
|a GA 1.5/2:GAO-04-872 T
|t 0
|l Available Online
|